000 00434nam a2200157 4500
001 132495
003 ES-MaACL
005 20230906194204.0
007 t|
008 070214s1912 fr r ||||1| fre d
100 1 _aRoman, J.
_999213
245 1 0 _aManuel de Sigillographie française /
_cJ. Roman.
260 _aParis :
_bAlphonse Picard et fils,
_c1912.
300 _aVII, 401 p., 30 lám. ;
_c23 cm.
852 _aES-MaACL
_jF-7099
999 _c132495
_d132495